Central Library OPAC University of Rajshahi

Energy efficiency and conservation in Mexico / (Record no. 52112)

MARC details
000 -LEADER
fixed length control field 01276nam a2200313 a 4500
001 - CONTROL NUMBER
control field 52112
003 - CONTROL NUMBER IDENTIFIER
rucl marc code BD-RjUL
005 - DATE AND TIME OF LATEST TRANSACTION
control field 20211209075745.0
008 - FIXED-LENGTH DATA ELEMENTS--GENERAL INFORMATION
fixed length control field 160906s1987 enka b 001 0 eng
020 ## - INTERNATIONAL STANDARD BOOK NUMBER
International Standard Book Number 081330248X (pbk. : alk. paper) :
035 ## - SYSTEM CONTROL NUMBER
System control number (BD-RjUL)52232
040 ## - CATALOGING SOURCE
Original cataloging agency DLC
Transcribing agency DLC
Modifying agency DLC
-- BD-RjUL
Language of cataloging eng
041 ## - LANGUAGE CODE
Language code of text/sound track or separate title eng
082 00 - DEWEY DECIMAL CLASSIFICATION NUMBER
Edition number 23
Classification number 333.79160972
Author mark and year GUE 1987
100 1# - MAIN ENTRY--PERSONAL NAME
Personal name Guzmán, Oscar.
9 (RLIN) 155869
245 10 - TITLE STATEMENT
Title Energy efficiency and conservation in Mexico /
Statement of responsibility, etc. Oscar Guzmán, Antonio Yúnez-Naude and Miguel S. Wionczek ; translated by Glenn Gardner and Rodney Williamson.
260 ## - PUBLICATION, DISTRIBUTION, ETC. (IMPRINT)
Place of publication, distribution, etc. Boulder ;
-- London :
Name of publisher, distributor, etc. Westview Press,
Date of publication, distribution, etc. c1987.
300 ## - PHYSICAL DESCRIPTION
Pagination xix, 354 p. :
Illustrations ill. ;
Size 23 cm.
504 ## - BIBLIOGRAPHY, ETC. NOTE
Bibliography, etc Include bibliography and index.
650 #0 - SUBJECT ADDED ENTRY--TOPICAL TERM
Topical term or geographic name as entry element Energy consumption
Geographic subdivision Mexico.
9 (RLIN) 155871
Topical term or geographic name as entry element Energy conservation
Geographic subdivision Mexico.
9 (RLIN) 155872
Topical term or geographic name as entry element Petroleum industry and trade
General subdivision Energy consumption
Geographic subdivision Mexico.
9 (RLIN) 155873
Topical term or geographic name as entry element Electric utilities
General subdivision Energy consumption
Geographic subdivision Mexico.
9 (RLIN) 155874
700 2# - ADDED ENTRY--PERSONAL NAME
Personal name Yúnez-Naude, Antonio.
Personal name Wionczek, Miguel S.
830 ## - SERIES ADDED ENTRY--UNIFORM TITLE
Uniform title Westview special studies on Latin America and the Caribbean
942 ## - ADDED ENTRY ELEMENTS (KOHA)
Source of classification or shelving scheme Dewey Decimal Classification
Koha item type Books
Holdings
Lost status Source of classification or shelving scheme Damaged status Not for loan Collection code Permanent Location Current Location Shelving location Date acquired Total Checkouts Full call number Date last seen Copy number Koha item type
  Dewey Decimal Classification     Non-fiction Central Library, University of Rajshahi Central Library, University of Rajshahi   22/05/1989   333.79160972 GUE 1987 06/09/2016 C-2 Books